NCAA Baseball World Series Winners - Statistics

General Stats
  • This quiz has been taken 294 times
  • The average score is 23 of 34
Answer Stats
Year School % Correct
1991 LSU
94%
1993 LSU
94%
1996 LSU
94%
1997 LSU
94%
2000 LSU
94%
2009 LSU
94%
2023 LSU
94%
2024 Tennessee
90%
2002 Texas
89%
2005 Texas
89%
2017 Florida
86%
2014 Vanderbilt
84%
2019 Vanderbilt
84%
1998 USC
75%
2013 UCLA
73%
2006 Oregon State
69%
2007 Oregon State
69%
2018 Oregon State
69%
2021 Mississippi State
68%
2022 Ole Miss
67%
1990 Georgia
66%
1994 Oklahoma
65%
2010 South Carolina
62%
2011 South Carolina
62%
2012 Arizona
59%
2015 Virginia
56%
1999 Miami
55%
2001 Miami
55%
2016 Coastal Carolina
51%
1995 Cal State Fullerton
30%
2004 Cal State Fullerton
30%
2003 Rice
20%
2008 Fresno State
19%
1992 Pepperdine
16%
No matching quizzes found
Score Distribution
Percent of People with Each Score
Percentile by Number Answered
Your Score History
You have not taken this quiz